Bolivar y la independencia de cuba/ Francisco Pérez Guzmán. (Record no. 137396)

MARC details
000 -CABECERA
campo de control de longitud fija 00573nam a2200181 a 4500
005 - FECHA Y HORA DE LA ÚLTIMA TRANSACCIÓN
campo de control 20210219160421.0
008 - ELEMENTOS DE LONGITUD FIJA--INFORMACIÓN GENERAL
campo de control de longitud fija 081107s2000 mx r 000 0 spa d
035 ## - NÚMERO DE CONTROL DEL SISTEMA
Número de control de sistema UPN01000165284
049 ## - COLECCIÓN
Colección UNE
080 ## - NÚMERO DE CLASIFICACIÓN DECIMAL UNIVERSAL
Número de la Clasificación Decimal Universal 329.13 (729.1) PER.
100 1# - ASIENTO PRINCIPAL--NOMBRE PERSONAL
Nombre de persona Pérez Guzmán, Francisco
245 10 - MENCIÓN DE TÍTULO
Título Bolivar y la independencia de cuba/ Francisco Pérez Guzmán.
260 ## - PUBLICACIÓN, DISTRIBUCIÓN, ETC.
Lugar de publicación, distribución, etc. La Habana, Cuba : Letras Cubanas, 1988.
300 ## - DESCRIPCIÓN FÍSICA
Extensión 195 p.
690 ## - PUNTO DE ACCESO ADICIONAL DE MATERIA LOCAL--TÉRMINO DE MATERIA (OCLC, RLIN)
Término de materia o nombre geográfico como elemento inicial Bolivar, Simon- Influencia social- Cuba
690 ## - PUNTO DE ACCESO ADICIONAL DE MATERIA LOCAL--TÉRMINO DE MATERIA (OCLC, RLIN)
Término de materia o nombre geográfico como elemento inicial Movimientos revolucionarios- Influencia social- Cuba
905 ## - TIPO DE MATERIAL
Tipo de material UNESCO

No items available.